000 00744nam a2200205Ii 4500
003 JO-AjNU
008 230605s9999||||xx |||||||||||||| ||und||
040 _aJO-AjNU
_bara
_erda
_cJO-AjNU
041 _aara
050 1 4 _aPJ7510.I9945 1986
100 3 _aإسماعيل، عز الدين,
_eauthor
_939052
245 0 0 _aالمكونات الأولى للثقافة العربية: دراسة في نشأة الآداب والمعارف العربية وتطورها
250 _aط2
264 3 1 _aبغداد: دار الشؤون الثقافية، 1986
300 _a244ص
336 _atext
_btxt
_2rdacontent
337 _aunmediated
_bn
_2rdamedia
338 _avolume
_bnc
_2rdacarrier
650 4 _aالثقافة العربية
_939053
999 _aA16460
_c20028
_d20028